| 000 | 00759nam a22002177a 4500 | ||
|---|---|---|---|
| 999 |
_c16544 _d16544 |
||
| 003 | AR-CdUCM | ||
| 008 | 190503b ||||| |||| 00| 0 spa d | ||
| 020 | _a968-23-1011-3 | ||
| 040 |
_aMUNICIPALIDAD PROVINCIAL DEL CUSCO _cBIBLIOTECA MUNICIPAL DEL CUSCO |
||
| 082 |
_a896.977 / _bR188 |
||
| 100 |
_aRandall, Margaret _936042 |
||
| 245 |
_aTodas estamos despiertas : _btestimonios de la mujer nicaragüense de hoy... / |
||
| 260 |
_aMéxico : _bSiglo XXI, _c1980. |
||
| 300 |
_a299 páginas ; _c17 cm. |
||
| 505 | _aContenido: El mundo indígena -- La colonia -- Las mujeres en el ejercito de Santiago... | ||
| 650 |
_aIndigenismo _9208 |
||
| 650 |
_aNicaragua _92871 |
||
| 650 |
_aComandantes _936043 |
||
| 942 |
_2ddc _cLIBROS |
||
| 945 |
_adavv _d03/05/2019 |
||